[Event "DEM U14w 2024"]
[Site "Willingen GER"]
[Date "2024.05.24"]
[Round "8"]
[White "Schwarzfischer, Julia"]
[Black "Neininger, Sarah"]
[Result "0-1"]
[Termination "normal"]
[Board "3"]
[WhiteElo "1767"]
[BlackElo "1744"]
[WhiteClock "00:47:43"]
[BlackClock "00:42:50"]
[PlyCount "146"]
[WhiteFideId "16268105"]
[BlackFideId "16287410"]
[EventCountry "GER"]
[EventRounds "9"]
[EventType "swiss"]
[EventDate "2024.05.18"]

1. e4 {[%clk 01:30:59]} {[%emt 12:53:25]} e5 {[%clk 01:30:54]} {[%emt
00:00:07]} 2. Nf3 {[%clk 01:31:23]} {[%emt 00:00:06]} Nc6 {[%clk 01:31:19]}
{[%emt 00:00:04]} 3. Bc4 {[%clk 01:31:37]} {[%emt 00:00:15]} Nf6 {[%clk
01:31:42]} {[%emt 00:00:07]} 4. d3 {[%clk 01:32:04]} {[%emt 00:00:04]} h6
{[%clk 01:32:04]} {[%emt 00:00:09]} 5. c3 {[%clk 01:32:14]} {[%emt 00:00:19]}
g5 {[%clk 01:32:14]} {[%emt 00:00:20]} 6. h3 {[%clk 01:32:00]} {[%emt
00:00:44]} g4 {[%clk 01:27:20]} {[%emt 00:05:24]} 7. hxg4 {[%clk 01:30:57]}
{[%emt 00:01:33]} Nxg4 {[%clk 01:27:34]} {[%emt 00:00:17]} 8. b4 {[%clk
01:25:52]} {[%emt 00:05:36]} Bg7 {[%clk 01:26:17]} {[%emt 00:01:46]} 9. Nh4
{[%clk 01:22:35]} {[%emt 00:03:47]} d6 {[%clk 01:24:12]} {[%emt 00:02:35]} 10.
f3 {[%clk 01:21:34]} {[%emt 00:01:31]} Nf6 {[%clk 01:24:15]} {[%emt 00:00:26]}
11. Qb3 {[%clk 01:16:03]} {[%emt 00:06:03]} Qe7 {[%clk 01:23:53]} {[%emt
00:00:50]} 12. Be3 {[%clk 01:15:52]} {[%emt 00:00:42]} Be6 {[%clk 01:16:36]}
{[%emt 00:07:45]} 13. Bxe6 {[%clk 01:16:15]} {[%emt 00:00:08]} Qxe6 {[%clk
01:16:53]} {[%emt 00:00:14]} 14. Nf5 {[%clk 01:15:40]} {[%emt 00:01:05]} Bf8
{[%clk 01:13:02]} {[%emt 00:04:20]} 15. g4 {[%clk 01:08:57]} {[%emt 00:07:13]}
O-O-O {[%clk 01:07:41]} {[%emt 00:05:51]} 16. g5 {[%clk 01:06:37]} {[%emt
00:02:51]} Ng8 {[%clk 01:06:36]} {[%emt 00:01:34]} 17. Qxe6+ {[%clk 01:05:56]}
{[%emt 00:01:12]} fxe6 {[%clk 01:06:59]} {[%emt 00:00:06]} 18. Nxh6 {[%clk
01:05:51]} {[%emt 00:00:36]} Nxh6 {[%clk 01:06:58]} {[%emt 00:00:32]} 19. gxh6
{[%clk 01:06:15]} {[%emt 00:00:05]} Rd7 {[%clk 01:06:33]} {[%emt 00:00:55]} 20.
a4 {[%clk 01:04:03]} {[%emt 00:02:43]} Rdh7 {[%clk 01:05:12]} {[%emt 00:01:49]}
21. Ra2 {[%clk 01:03:05]} {[%emt 00:01:29]} Ne7 {[%clk 01:00:36]} {[%emt
00:05:06]} 22. Rah2 {[%clk 01:02:59]} {[%emt 00:00:36]} Ng6 {[%clk 01:00:11]}
{[%emt 00:00:51]} 23. Kd1 {[%clk 00:57:36]} {[%emt 00:05:57]} Nf4 {[%clk
00:59:17]} {[%emt 00:01:23]} 24. Kc2 {[%clk 00:57:13]} {[%emt 00:00:53]} Rxh6
{[%clk 00:58:57]} {[%emt 00:00:50]} 25. Rxh6 {[%clk 00:54:38]} {[%emt
00:03:06]} Rxh6 {[%clk 00:59:21]} {[%emt 00:00:06]} 26. Rg1 {[%clk 00:51:35]}
{[%emt 00:03:34]} Rg6 {[%clk 00:58:20]} {[%emt 00:01:31]} 27. Rxg6 {[%clk
00:50:38]} {[%emt 00:01:27]} Nxg6 {[%clk 00:58:44]} {[%emt 00:00:06]} 28. Nd2
{[%clk 00:48:41]} {[%emt 00:02:27]} d5 {[%clk 00:55:49]} {[%emt 00:03:24]} 29.
Bg5 {[%clk 00:48:01]} {[%emt 00:01:10]} d4 {[%clk 00:53:52]} {[%emt 00:02:28]}
30. Nc4 {[%clk 00:47:26]} {[%emt 00:01:06]} Bg7 {[%clk 00:53:02]} {[%emt
00:01:19]} 31. cxd4 {[%clk 00:46:30]} {[%emt 00:01:27]} exd4 {[%clk 00:53:24]}
{[%emt 00:00:07]} 32. f4 {[%clk 00:46:46]} {[%emt 00:00:15]} Kd7 {[%clk
00:50:22]} {[%emt 00:03:26]} 33. e5 {[%clk 00:46:28]} {[%emt 00:00:55]} Bf8
{[%clk 00:49:43]} {[%emt 00:01:08]} 34. Kb3 {[%clk 00:46:49]} {[%emt 00:00:10]}
Be7 {[%clk 00:49:53]} {[%emt 00:00:20]} 35. b5 {[%clk 00:44:16]} {[%emt
00:03:03]} Bxg5 {[%clk 00:42:07]} {[%emt 00:08:16]} 36. fxg5 {[%clk 00:44:08]}
{[%emt 00:00:38]} b6 {[%clk 00:41:46]} {[%emt 00:00:51]} 37. Kc2 {[%clk
00:43:59]} {[%emt 00:00:39]} Ke7 {[%clk 00:41:44]} {[%emt 00:00:31]} 38. Kd2
{[%clk 00:43:06]} {[%emt 00:01:24]} Kf7 {[%clk 00:41:54]} {[%emt 00:00:20]} 39.
Ke2 {[%clk 00:43:25]} {[%emt 00:00:11]} Nf4+ {[%clk 00:42:06]} {[%emt
00:00:16]} 40. Kf3 {[%clk 00:43:46]} {[%emt 00:00:11]} Nxd3 {[%clk 00:41:22]}
{[%emt 00:01:14]} 41. Ke4 {[%clk 00:42:07]} {[%emt 00:02:09]} Nc5+ {[%clk
00:41:24]} {[%emt 00:00:28]} 42. Kxd4 {[%clk 00:42:31]} {[%emt 00:00:06]} Kg6
{[%clk 00:40:41]} {[%emt 00:01:13]} 43. Nb2 {[%clk 00:40:56]} {[%emt 00:02:05]}
Kxg5 {[%clk 00:40:41]} {[%emt 00:00:29]} 44. Kc4 {[%clk 00:40:14]} {[%emt
00:01:12]} Kf5 {[%clk 00:40:40]} {[%emt 00:00:31]} 45. Kd4 {[%clk 00:39:55]}
{[%emt 00:00:50]} Kf4 {[%clk 00:40:52]} {[%emt 00:00:17]} 46. a5 {[%clk
00:39:04]} {[%emt 00:01:22]} Nb3+ {[%clk 00:41:12]} {[%emt 00:00:10]} 47. Kc3
{[%clk 00:39:27]} {[%emt 00:00:07]} Nxa5 {[%clk 00:41:25]} {[%emt 00:00:16]}
48. Nd3+ {[%clk 00:39:50]} {[%emt 00:00:07]} Ke4 {[%clk 00:41:32]} {[%emt
00:00:19]} 49. Nf2+ {[%clk 00:40:04]} {[%emt 00:00:21]} Kxe5 {[%clk 00:41:25]}
{[%emt 00:00:37]} 50. Ng4+ {[%clk 00:40:33]} Kd6 {[%clk 00:41:22]} {[%emt
00:00:29]} 51. Nf6 {[%clk 00:40:54]} {[%emt 00:00:14]} Kc5 {[%clk 00:40:00]}
{[%emt 00:01:46]} 52. Ne8 {[%clk 00:41:19]} {[%emt 00:00:11]} c6 {[%clk
00:38:46]} {[%emt 00:01:43]} 53. Nc7 {[%clk 00:41:32]} {[%emt 00:00:17]} Kd6
{[%clk 00:38:52]} {[%emt 00:00:23]} 54. Ne8+ {[%clk 00:41:54]} {[%emt
00:00:09]} Ke7 {[%clk 00:39:01]} {[%emt 00:00:21]} 55. Nc7 {[%clk 00:42:17]}
{[%emt 00:00:08]} cxb5 {[%clk 00:39:21]} {[%emt 00:00:10]} 56. Nxb5 {[%clk
00:42:43]} {[%emt 00:00:05]} Nc6 {[%clk 00:39:33]} {[%emt 00:00:18]} 57. Kd3
{[%clk 00:42:29]} {[%emt 00:00:44]} a6 {[%clk 00:39:31]} {[%emt 00:00:32]} 58.
Nc7 {[%clk 00:42:55]} {[%emt 00:00:04]} Nb8 {[%clk 00:39:44]} {[%emt 00:00:17]}
59. Na8 {[%clk 00:42:29]} {[%emt 00:00:56]} b5 {[%clk 00:39:56]} {[%emt
00:00:17]} 60. Nb6 {[%clk 00:42:44]} {[%emt 00:00:15]} Kd6 {[%clk 00:39:40]}
{[%emt 00:00:46]} 61. Nc8+ {[%clk 00:43:03]} {[%emt 00:00:12]} Kc5 {[%clk
00:39:15]} {[%emt 00:00:52]} 62. Kc3 {[%clk 00:43:13]} {[%emt 00:00:23]} Nc6
{[%clk 00:39:19]} {[%emt 00:00:24]} 63. Kb3 {[%clk 00:43:33]} {[%emt 00:00:12]}
e5 {[%clk 00:39:35]} {[%emt 00:00:14]} 64. Kc3 {[%clk 00:43:59]} {[%emt
00:00:03]} b4+ {[%clk 00:39:55]} {[%emt 00:00:11]} 65. Kd3 {[%clk 00:44:23]}
{[%emt 00:00:07]} a5 {[%clk 00:40:16]} {[%emt 00:00:09]} 66. Kc2 {[%clk
00:44:49]} {[%emt 00:00:04]} a4 {[%clk 00:40:38]} {[%emt 00:00:08]} 67. Kb2
{[%clk 00:45:17]} {[%emt 00:00:03]} e4 {[%clk 00:41:03]} {[%emt 00:00:04]} 68.
Ka2 {[%clk 00:45:35]} {[%emt 00:00:12]} e3 {[%clk 00:41:27]} {[%emt 00:00:06]}
69. Kb2 {[%clk 00:46:00]} {[%emt 00:00:05]} e2 {[%clk 00:41:52]} {[%emt
00:00:05]} 70. Ka2 {[%clk 00:46:26]} {[%emt 00:00:04]} e1=Q {[%clk 00:42:08]}
{[%emt 00:00:12]} 71. Kb2 {[%clk 00:46:53]} {[%emt 00:00:04]} Qd2+ {[%clk
00:42:25]} {[%emt 00:00:13]} 72. Ka1 {[%clk 00:47:18]} {[%emt 00:00:06]} b3
{[%clk 00:42:50]} {[%emt 00:00:04]} 73. Nd6 {[%clk 00:47:43]} {[%emt 00:00:05]}
Qc1# {[%emt 00:00:10]} 0-1

[Event "DEM U14w 2024"]
[Site "Willingen GER"]
[Date "2024.05.24"]
[Round "8"]
[White "Dodul, Alice"]
[Black "Bauer, Laura Sophie"]
[Result "0-1"]
[Termination "normal"]
[Board "4"]
[WhiteElo "1656"]
[BlackElo "1874"]
[WhiteClock "00:38:29"]
[BlackClock "00:47:49"]
[PlyCount "72"]
[WhiteFideId "34623817"]
[BlackFideId "16253647"]
[EventCountry "GER"]
[EventRounds "9"]
[EventType "swiss"]
[EventDate "2024.05.18"]

1. e4 {[%clk 01:30:58]} {[%emt 00:00:01]} e5 {[%clk 01:31:13]} {[%emt
00:00:18]} 2. Nf3 {[%clk 01:31:23]} {[%emt 00:00:04]} Nc6 {[%clk 01:31:38]}
{[%emt 00:00:06]} 3. d4 {[%clk 01:31:44]} {[%emt 00:00:09]} exd4 {[%clk
01:31:58]} {[%emt 00:00:10]} 4. Bc4 {[%clk 01:32:09]} {[%emt 00:00:05]} Nf6
{[%clk 01:32:16]} {[%emt 00:00:11]} 5. O-O {[%clk 01:32:11]} {[%emt 00:00:27]}
Nxe4 {[%clk 01:28:35]} {[%emt 00:04:12]} 6. Re1 {[%clk 01:32:13]} {[%emt
00:00:27]} d5 {[%clk 01:25:04]} {[%emt 00:04:02]} 7. Bxd5 {[%clk 01:32:22]}
{[%emt 00:00:20]} Qxd5 {[%clk 01:25:10]} {[%emt 00:00:25]} 8. Nc3 {[%clk
01:32:43]} {[%emt 00:00:09]} Qh5 {[%clk 01:22:44]} {[%emt 00:02:55]} 9. Rxe4+
{[%clk 01:31:10]} {[%emt 00:02:04]} Be7 {[%clk 01:22:15]} {[%emt 00:00:59]} 10.
Nxd4 {[%clk 01:27:35]} {[%emt 00:04:05]} Qxd1+ {[%clk 01:21:36]} {[%emt
00:01:09]} 11. Nxd1 {[%clk 01:27:59]} {[%emt 00:00:05]} Nxd4 {[%clk 01:20:53]}
{[%emt 00:01:14]} 12. Rxd4 {[%clk 01:28:20]} {[%emt 00:00:08]} O-O {[%clk
01:20:12]} {[%emt 00:01:12]} 13. c3 {[%clk 01:24:57]} {[%emt 00:03:53]} Be6
{[%clk 01:18:26]} {[%emt 00:02:16]} 14. Bf4 {[%clk 01:21:09]} {[%emt 00:04:17]}
c6 {[%clk 01:11:04]} {[%emt 00:07:53]} 15. Ne3 {[%clk 01:19:57]} {[%emt
00:01:43]} Bc5 {[%clk 01:00:54]} {[%emt 00:10:40]} 16. Rdd1 {[%clk 01:19:15]}
{[%emt 00:01:12]} Rfd8 {[%clk 00:59:34]} {[%emt 00:01:49]} 17. b3 {[%clk
01:15:35]} {[%emt 00:04:11]} Be7 {[%clk 00:55:39]} {[%emt 00:04:25]} 18. Re1
{[%clk 01:06:13]} {[%emt 00:09:51]} Bf6 {[%clk 00:55:12]} {[%emt 00:00:57]} 19.
Rac1 {[%clk 01:05:38]} {[%emt 00:01:05]} g5 {[%clk 00:52:10]} {[%emt 00:03:32]}
20. Bg3 {[%clk 01:01:52]} {[%emt 00:04:15]} Rd2 {[%clk 00:50:13]} {[%emt
00:02:28]} 21. c4 {[%clk 00:57:26]} {[%emt 00:04:57]} Rxa2 {[%clk 00:49:23]}
{[%emt 00:01:19]} 22. Rb1 {[%clk 00:51:13]} {[%emt 00:06:42]} Rd8 {[%clk
00:48:44]} {[%emt 00:01:10]} 23. b4 {[%clk 00:49:34]} {[%emt 00:02:09]} h5
{[%clk 00:47:43]} {[%emt 00:01:31]} 24. c5 {[%clk 00:47:27]} {[%emt 00:02:37]}
Rdd2 {[%clk 00:46:08]} {[%emt 00:02:03]} 25. f4 {[%clk 00:41:10]} {[%emt
00:06:48]} h4 {[%clk 00:44:58]} {[%emt 00:01:41]} 26. fxg5 {[%clk 00:40:50]}
{[%emt 00:00:50]} Bxg5 {[%clk 00:45:20]} {[%emt 00:00:07]} 27. Bd6 {[%clk
00:40:09]} {[%emt 00:01:11]} Bxe3+ {[%clk 00:45:31]} {[%emt 00:00:20]} 28. Rxe3
{[%clk 00:40:20]} {[%emt 00:00:19]} Rxg2+ {[%clk 00:45:55]} {[%emt 00:00:06]}
29. Kh1 {[%clk 00:39:48]} {[%emt 00:01:02]} Rg5 {[%clk 00:45:59]} {[%emt
00:00:23]} 30. Bg3 {[%clk 00:38:50]} {[%emt 00:01:31]} hxg3 {[%clk 00:46:06]}
{[%emt 00:00:24]} 31. Rxg3 {[%clk 00:38:52]} {[%emt 00:00:27]} Rxg3 {[%clk
00:46:26]} {[%emt 00:00:11]} 32. hxg3 {[%clk 00:39:15]} {[%emt 00:00:07]} Ra3
{[%clk 00:46:43]} {[%emt 00:00:12]} 33. Kg2 {[%clk 00:39:20]} {[%emt 00:00:24]}
Rb3 {[%clk 00:47:04]} {[%emt 00:00:10]} 34. Ra1 {[%clk 00:39:26]} {[%emt
00:00:24]} a6 {[%clk 00:47:28]} {[%emt 00:00:07]} 35. Ra4 {[%clk 00:39:29]}
{[%emt 00:00:26]} Rb2+ {[%clk 00:47:27]} {[%emt 00:00:30]} 36. Kf3 {[%clk
00:38:29]} {[%emt 00:01:30]} Ra2 {[%clk 00:47:49]} {[%emt 00:00:08]} 0-1

[Event "DEM U14w 2024"]
[Site "Willingen GER"]
[Date "2024.05.24"]
[Round "8"]
[White "Kutz, Ida Klara"]
[Black "Czäczine, Paula"]
[Result "1/2-1/2"]
[Termination "normal"]
[Board "5"]
[WhiteElo "1690"]
[BlackElo "1808"]
[WhiteClock "00:17:13"]
[BlackClock "00:28:39"]
[PlyCount "105"]
[WhiteFideId "16296257"]
[BlackFideId "16249305"]
[EventCountry "GER"]
[EventRounds "9"]
[EventType "swiss"]
[EventDate "2024.05.18"]

1. Nf3 {[%clk 01:30:57]} {[%emt 00:00:03]} Nf6 {[%clk 01:30:54]} {[%emt
00:00:05]} 2. g3 {[%clk 01:31:20]} {[%emt 00:00:07]} e6 {[%clk 01:31:20]}
{[%emt 00:00:05]} 3. Bg2 {[%clk 01:31:41]} {[%emt 00:00:08]} d5 {[%clk
01:31:40]} {[%emt 00:00:11]} 4. O-O {[%clk 01:31:45]} {[%emt 00:00:25]} Be7
{[%clk 01:32:04]} {[%emt 00:00:06]} 5. d4 {[%clk 01:31:19]} {[%emt 00:00:55]}
O-O {[%clk 01:32:18]} {[%emt 00:00:17]} 6. c4 {[%clk 01:30:54]} {[%emt
00:00:55]} dxc4 {[%clk 01:32:40]} {[%emt 00:00:09]} 7. Qc2 {[%clk 01:30:10]}
{[%emt 00:01:14]} a6 {[%clk 01:32:46]} {[%emt 00:00:24]} 8. Qxc4 {[%clk
01:30:12]} {[%emt 00:00:27]} b5 {[%clk 01:32:46]} {[%emt 00:00:30]} 9. Qd3
{[%clk 01:30:20]} {[%emt 00:00:21]} Bb7 {[%clk 01:32:05]} {[%emt 00:01:12]} 10.
Nc3 {[%clk 01:28:27]} {[%emt 00:02:23]} Nbd7 {[%clk 01:28:08]} {[%emt
00:04:27]} 11. e4 {[%clk 01:22:05]} {[%emt 00:06:52]} b4 {[%clk 01:26:08]}
{[%emt 00:02:30]} 12. e5 {[%clk 01:19:58]} {[%emt 00:02:38]} bxc3 {[%clk
01:24:56]} {[%emt 00:01:42]} 13. exf6 {[%clk 01:15:57]} {[%emt 00:04:31]} Nxf6
{[%clk 01:24:12]} {[%emt 00:01:14]} 14. bxc3 {[%clk 01:15:28]} {[%emt
00:00:58]} c5 {[%clk 01:21:15]} {[%emt 00:03:27]} 15. Re1 {[%clk 01:10:53]}
{[%emt 00:05:04]} cxd4 {[%clk 01:18:41]} {[%emt 00:03:05]} 16. Qxd4 {[%clk
01:08:34]} {[%emt 00:02:49]} Qxd4 {[%clk 01:18:07]} {[%emt 00:01:04]} 17. Nxd4
{[%clk 01:08:56]} {[%emt 00:00:08]} Bxg2 {[%clk 01:17:43]} {[%emt 00:00:54]}
18. Kxg2 {[%clk 01:09:20]} {[%emt 00:00:05]} Rfc8 {[%clk 01:11:14]} {[%emt
00:07:01]} 19. Bb2 {[%clk 01:06:33]} {[%emt 00:03:17]} Nd5 {[%clk 01:02:02]}
{[%emt 00:09:42]} 20. Rac1 {[%clk 00:53:53]} {[%emt 00:13:10]} Bf6 {[%clk
00:52:30]} {[%emt 00:10:01]} 21. Red1 {[%clk 00:43:47]} {[%emt 00:10:35]} Nb6
{[%clk 00:48:10]} {[%emt 00:04:51]} 22. Rc2 {[%clk 00:28:46]} {[%emt 00:15:31]}
Rc7 {[%clk 00:42:15]} {[%emt 00:06:25]} 23. Ne2 {[%clk 00:21:54]} {[%emt
00:07:22]} Nc4 {[%clk 00:36:01]} {[%emt 00:06:44]} 24. Bc1 {[%clk 00:20:22]}
{[%emt 00:02:02]} Rac8 {[%clk 00:34:05]} {[%emt 00:02:25]} 25. Be3 {[%clk
00:18:15]} {[%emt 00:02:37]} Nxe3+ {[%clk 00:27:06]} {[%emt 00:07:30]} 26. fxe3
{[%clk 00:18:34]} {[%emt 00:00:11]} Kf8 {[%clk 00:26:14]} {[%emt 00:01:22]} 27.
Rd3 {[%clk 00:14:07]} {[%emt 00:04:56]} Rc4 {[%clk 00:21:29]} {[%emt 00:05:15]}
28. Rd6 {[%clk 00:13:34]} {[%emt 00:01:04]} R8c6 {[%clk 00:18:51]} {[%emt
00:03:08]} 29. Rxc6 {[%clk 00:13:50]} {[%emt 00:00:14]} Rxc6 {[%clk 00:19:14]}
{[%emt 00:00:07]} 30. c4 {[%clk 00:14:12]} {[%emt 00:00:08]} e5 {[%clk
00:14:52]} {[%emt 00:04:52]} 31. Kf3 {[%clk 00:11:37]} {[%emt 00:03:05]} Ke7
{[%clk 00:12:39]} {[%emt 00:02:43]} 32. Nc3 {[%clk 00:10:25]} {[%emt 00:01:42]}
Ke6 {[%clk 00:11:19]} {[%emt 00:01:50]} 33. Nd5 {[%clk 00:08:36]} {[%emt
00:02:19]} a5 {[%clk 00:10:12]} {[%emt 00:01:36]} 34. Nxf6 {[%clk 00:08:21]}
{[%emt 00:00:46]} gxf6 {[%clk 00:10:03]} {[%emt 00:00:38]} 35. c5 {[%clk
00:05:50]} {[%emt 00:03:02]} f5 {[%clk 00:08:26]} {[%emt 00:02:07]} 36. e4
{[%clk 00:04:12]} {[%emt 00:02:07]} fxe4+ {[%clk 00:08:47]} {[%emt 00:00:10]}
37. Kxe4 {[%clk 00:04:38]} {[%emt 00:00:04]} f5+ {[%clk 00:09:09]} {[%emt
00:00:07]} 38. Ke3 {[%clk 00:03:55]} {[%emt 00:01:14]} h6 {[%clk 00:08:32]}
{[%emt 00:01:08]} 39. Kd3 {[%clk 00:01:38]} {[%emt 00:02:46]} Kd5 {[%clk
00:07:58]} {[%emt 00:01:03]} 40. Rf2 {[%clk 00:01:34]} {[%emt 00:00:34]} e4+
{[%clk 00:07:01]} {[%emt 00:01:28]} 41. Ke3 {[%clk 00:01:48]} {[%emt 00:00:15]}
Ke5 {[%clk 00:06:36]} {[%emt 00:00:56]} 42. Rc2 {[%clk 00:00:39]} {[%emt
00:01:39]} h5 {[%clk 00:05:54]} {[%emt 00:01:12]} 43. a4 {[%clk 00:29:14]}
{[%emt 00:01:55]} h4 {[%clk 00:34:16]} {[%emt 00:02:07]} 44. Rc1 {[%clk
00:23:54]} {[%emt 00:05:50]} hxg3 {[%clk 00:31:55]} {[%emt 00:02:51]} 45. hxg3
{[%clk 00:24:17]} {[%emt 00:00:07]} Rg6 {[%clk 00:31:17]} {[%emt 00:01:09]} 46.
c6 {[%clk 00:23:54]} {[%emt 00:00:53]} Rxg3+ {[%clk 00:31:16]} {[%emt
00:00:30]} 47. Kf2 {[%clk 00:24:14]} {[%emt 00:00:10]} Rg8 {[%clk 00:30:56]}
{[%emt 00:00:51]} 48. c7 {[%clk 00:23:46]} {[%emt 00:00:58]} Rc8 {[%clk
00:31:13]} {[%emt 00:00:13]} 49. Rc5+ {[%clk 00:23:00]} {[%emt 00:01:16]} Kf4
{[%clk 00:31:09]} {[%emt 00:00:34]} 50. Ke2 {[%clk 00:22:07]} {[%emt 00:01:23]}
Kg5 {[%emt 00:03:10]} 51. Ke3 {[%clk 00:20:57]} {[%emt 00:01:28]} Kg4 {[%clk
00:28:39]} {[%emt 00:00:32]} 52. Rc1 {[%clk 00:20:41]} {[%emt 00:00:46]} Kg5
{[%emt 00:01:24]} 53. Rc5 {[%clk 00:17:13]} {[%emt 00:03:48]} 1/2-1/2

[Event "DEM U14w 2024"]
[Site "Willingen GER"]
[Date "2024.05.24"]
[Round "8"]
[White "Neumeier, Valentina"]
[Black "Vogt, Luna"]
[Result "0-1"]
[Termination "normal"]
[Board "6"]
[WhiteElo "1805"]
[BlackElo "1666"]
[WhiteClock "00:01:02"]
[BlackClock "00:36:38"]
[PlyCount "90"]
[WhiteFideId "34608222"]
[BlackFideId "34607153"]
[EventCountry "GER"]
[EventRounds "9"]
[EventType "swiss"]
[EventDate "2024.05.18"]

1. e4 {[%clk 01:30:59]} e6 {[%clk 01:30:53]} {[%emt 00:00:07]} 2. d3 {[%clk
01:31:21]} {[%emt 00:00:08]} d5 {[%clk 01:30:58]} {[%emt 00:00:25]} 3. Nd2
{[%clk 01:31:46]} {[%emt 00:00:06]} Bc5 {[%clk 01:31:17]} {[%emt 00:00:13]} 4.
Ngf3 {[%clk 01:32:07]} {[%emt 00:00:07]} Nf6 {[%clk 01:30:36]} {[%emt
00:01:11]} 5. g3 {[%clk 01:32:28]} {[%emt 00:00:08]} dxe4 {[%clk 01:30:38]}
{[%emt 00:00:28]} 6. dxe4 {[%clk 00:48:11]} {[%emt 00:44:47]} Ng4 {[%clk
01:29:16]} {[%emt 00:01:52]} 7. Bh3 {[%clk 00:31:16]} {[%emt 00:17:25]} Bxf2+
{[%clk 01:26:45]} {[%emt 00:03:00]} 8. Ke2 {[%clk 00:31:40]} {[%emt 00:00:07]}
Ne3 {[%clk 01:26:57]} {[%emt 00:00:18]} 9. Kxf2 {[%clk 00:30:59]} {[%emt
00:01:11]} Nxd1+ {[%clk 01:27:19]} {[%emt 00:00:08]} 10. Rxd1 {[%clk 00:31:23]}
{[%emt 00:00:07]} O-O {[%clk 01:26:55]} {[%emt 00:00:53]} 11. b3 {[%clk
00:31:02]} {[%emt 00:00:51]} Nc6 {[%clk 01:25:10]} {[%emt 00:02:16]} 12. Ba3
{[%clk 00:29:52]} {[%emt 00:01:39]} Re8 {[%clk 01:25:09]} {[%emt 00:00:31]} 13.
Nc4 {[%clk 00:28:49]} {[%emt 00:01:33]} Qf6 {[%clk 01:24:44]} {[%emt 00:00:55]}
14. e5 {[%clk 00:26:44]} {[%emt 00:02:36]} Qg6 {[%clk 01:23:30]} {[%emt
00:01:43]} 15. Ne3 {[%clk 00:26:05]} {[%emt 00:01:09]} f6 {[%clk 01:22:14]}
{[%emt 00:01:46]} 16. exf6 {[%clk 00:19:25]} {[%emt 00:07:10]} Qxf6 {[%clk
01:21:06]} {[%emt 00:01:38]} 17. Ng4 {[%clk 00:18:09]} {[%emt 00:01:46]} Qc3
{[%clk 01:19:35]} {[%emt 00:02:01]} 18. Rac1 {[%clk 00:17:11]} {[%emt
00:01:27]} Nb4 {[%clk 01:16:35]} {[%emt 00:03:31]} 19. Ne3 {[%clk 00:15:31]}
{[%emt 00:02:10]} a5 {[%clk 01:14:05]} {[%emt 00:02:59]} 20. Ke2 {[%clk
00:11:32]} {[%emt 00:04:31]} b6 {[%clk 01:11:09]} {[%emt 00:03:25]} 21. Kf2
{[%clk 00:06:23]} {[%emt 00:05:39]} Bb7 {[%clk 01:06:03]} {[%emt 00:05:37]} 22.
Bg4 {[%clk 00:04:50]} {[%emt 00:02:02]} Bd5 {[%clk 01:00:20]} {[%emt 00:06:12]}
23. Nd4 {[%clk 00:03:42]} {[%emt 00:01:39]} c5 {[%clk 00:49:27]} {[%emt
00:11:22]} 24. Nb5 {[%clk 00:03:12]} {[%emt 00:01:00]} Qf6+ {[%clk 00:49:47]}
{[%emt 00:00:11]} 25. Ke2 {[%clk 00:03:29]} {[%emt 00:00:10]} Qe5 {[%clk
00:41:53]} {[%emt 00:08:26]} 26. Rb1 {[%clk 00:02:47]} {[%emt 00:01:14]} Nxc2
{[%clk 00:39:58]} {[%emt 00:02:25]} 27. Bc1 {[%clk 00:01:35]} {[%emt 00:01:42]}
Nd4+ {[%clk 00:39:33]} {[%emt 00:00:54]} 28. Nxd4 {[%clk 00:01:18]} {[%emt
00:00:47]} cxd4 {[%clk 00:39:56]} {[%emt 00:00:07]} 29. Rd3 {[%clk 00:01:05]}
{[%emt 00:00:44]} Be4 {[%clk 00:39:03]} {[%emt 00:01:21]} 30. Nc4 {[%clk
00:01:14]} {[%emt 00:00:21]} Bxd3+ {[%clk 00:38:40]} {[%emt 00:00:54]} 31. Kxd3
{[%clk 00:01:42]} {[%emt 00:00:02]} Qc5 {[%clk 00:37:49]} {[%emt 00:01:19]} 32.
Ba3 {[%clk 00:01:45]} {[%emt 00:00:28]} Qg5 {[%clk 00:36:50]} {[%emt 00:01:28]}
33. Bf3 {[%clk 00:01:45]} {[%emt 00:00:30]} b5 {[%clk 00:36:08]} {[%emt
00:01:13]} 34. Bxa8 {[%clk 00:01:15]} {[%emt 00:01:01]} bxc4+ {[%clk 00:36:15]}
{[%emt 00:00:22]} 35. Kxc4 {[%clk 00:01:30]} {[%emt 00:00:15]} Rxa8 {[%clk
00:36:09]} {[%emt 00:00:36]} 36. Re1 {[%clk 00:01:15]} {[%emt 00:00:45]} Qd5+
{[%clk 00:36:05]} {[%emt 00:00:34]} 37. Kd3 {[%clk 00:01:33]} {[%emt 00:00:12]}
e5 {[%clk 00:36:17]} {[%emt 00:00:19]} 38. Re2 {[%clk 00:00:46]} {[%emt
00:01:15]} Rc8 {[%clk 00:35:48]} {[%emt 00:01:01]} 39. Rf2 {[%clk 00:00:52]}
{[%emt 00:00:24]} e4+ {[%clk 00:35:46]} {[%emt 00:00:32]} 40. Ke2 {[%clk
00:01:06]} {[%emt 00:00:16]} Rc2+ {[%clk 00:36:00]} {[%emt 00:00:16]} 41. Ke1
{[%clk 00:01:27]} {[%emt 00:00:09]} Rxf2 {[%clk 00:36:16]} {[%emt 00:00:14]}
42. Kxf2 {[%clk 00:01:55]} {[%emt 00:00:01]} e3+ {[%clk 00:36:17]} {[%emt
00:00:30]} 43. Ke2 {[%clk 00:02:19]} {[%emt 00:00:06]} Qe4 {[%clk 00:36:26]}
{[%emt 00:00:20]} 44. Ke1 {[%clk 00:01:09]} {[%emt 00:01:40]} d3 {[%clk
00:36:38]} {[%emt 00:00:19]} 45. Bc1 {[%clk 00:01:02]} {[%emt 00:00:37]} Qh1#
{[%emt 00:00:13]} 0-1